Statistics for How much do you remember about 2011?

Click here to take the quiz!

General Stats

  • This quiz has been taken 338 times
  • The average score is 8 of 20

Answer Stats

Hint Answer % Correct
Apple co-founder who died in OctoberSteve Jobs
96%
Founder of Al-Qaeda, killed and buried at seaOsama bin Laden
87%
World population passed _ billion people7
86%
Married Prince William, Duke of CambridgeCatherine Middleton
77%
North Korean 'Dear Leader' who died in DecemberKim Jong-Il
69%
Japanese city; site of nuclear meltdown following tsunamiFukushima
57%
New country which became the 193rd UN memberSouth Sudan
54%
Autocratic Libyan leader ousted in civil warMuammar al-Gaddafi
54%
Viral music video, popularly considered one of the worst songs ever writtenFriday
39%
Winner of the Wimbledon Men's SinglesNovak Djokovic
35%
International protest movement against inequality, which started in USAOccupy movement
33%
Winners of Super Bowl XLVGreen Bay Packers
28%
British newspaper which ceased publication after 168 yearsNews of the World
19%
Was used on its 135th and last missionSpace Shuttle
14%
Martian rover launched from Kennedy Space CenterCuriosity
14%
Aircraft which first entered commercial service with All Nippon AirwaysBoeing 787 'Dreamliner'
11%
Norwegian island; site of mass shootingUt√łya
9%
Country which adopted the Euro as its currencyEstonia
9%
IndyCar driver killed in crash at Las Vegas Motor SpeedwayDan Wheldon
3%
Last Crown Prince of Austria-Hungary who died in JulyOtto von Habsburg
2%

Score Distribution

Percentile by Number Answered

Percent of People with Each Score

Your Score History

You have not taken this quiz